| 000 | 00506nam a2200193 4500 | ||
|---|---|---|---|
| 001 | 117128 | ||
| 003 | ES-MaACL | ||
| 005 | 20230906190832.0 | ||
| 007 | t| | ||
| 008 | 070301s1917 sp r ||||1| spa d | ||
| 100 | 1 |
_aPaz, José María. _989749 |
|
| 245 | 1 | 0 | _aMemorias póstumas del General José María Paz. |
| 260 |
_aMadrid : _bAmérica, _c1917. |
||
| 300 |
_a481 p. ; _c23 x 14 cm. |
||
| 490 | 1 | _aAyacucho | |
| 830 | 0 |
_aAyacucho _9233340 |
|
| 852 |
_aES-MaACL _jF-842 |
||
| 999 |
_c117128 _d117128 |
||